| 000 | 00683nam a22002297a 4500 | ||
|---|---|---|---|
| 003 | UA-OsUOA | ||
| 001 | 129234 | ||
| 007 | ta | ||
| 008 | 20180222b un ||||| |||| 00| 0 ukr d | ||
| 100 | _aБрейтвейт Р. | ||
| 090 |
_a355.01(470+581) _bБ87 |
||
| 942 | _cBK | ||
| 040 |
_aUA-OsUOA _bukr _cUA-OsUOA _dUA-OsUOA |
||
| 245 | _aАфганці. Росіяни в Афганістані (1979 - 1989) | ||
| 300 | _a470 с. | ||
| 955 | _a2 | ||
| 041 | _aukr | ||
| 080 | _a355.01(470+581) | ||
| 260 |
_aК. _bТемпора _c2006 |
||
| 650 | 7 |
_a35 Державно-адміністративне управління. Військова справа _2UDC |
|
| 999 |
_c416763 _d416763 |
||